000 00569nmm a2200241 a 4500
003 AR-BaBNM
005 20251128203743.0
008 306119s1982 ||||||||||||||000 | spa||
040 _cAR-BaBNM
100 1 _aWest, Morris
245 1 0 _aLos bufones de Dios
260 _aBuenos Aires
_bJavier Vergara
_c1982
300 0 _a552 p.
650 4 _aLITERATURA
650 4 _aNOVELAS
650 4 _aCULTURA
651 4 _aAustralia
653 0 _aNARRATIVA
655 _aLITERATURA
700 1 _aCruz Coke de Lagos, Marta
_etraductor
942 _cBK
998 _cMARTIN
999 _c4800
_d4800